The Company Law (Record no. 1308739)

MARC details
000 -LEADER
fixed length control field 00807nam a2200301Ia 4500
003 - CONTROL NUMBER IDENTIFIER
control field OSt
005 - DATE AND TIME OF LATEST TRANSACTION
control field 20250527152536.0
008 - FIXED-LENGTH DATA ELEMENTS--GENERAL INFORMATION
fixed length control field 008 250409s9999 xx 000 0 eng d
020 ## - INTERNATIONAL STANDARD BOOK NUMBER
International Standard Book Number 9789351453307
037 ## - SOURCE OF ACQUISITION
Stock number Textbook
040 ## - CATALOGING SOURCE
Original cataloging agency LCT
Language of cataloging eng
Transcribing agency LCT
041 ## - LANGUAGE CODE
Language code of text/sound track or separate title eng
Source of code eng
084 ## - COLON CLASSIFICATION NUMBER
Classification number Z,181 R20
Assigning agency LCT
100 ## - MAIN ENTRY--PERSONAL NAME
Personal name Singh, Avtar
245 #4 - TITLE STATEMENT
Title The Company Law
Statement of responsibility, etc. by Avtar Singh
250 ## - EDITION STATEMENT
Edition statement 17th ed.
260 ## - PUBLICATION, DISTRIBUTION, ETC.
Place of publication, distribution, etc. Lucknow
Name of publisher, distributor, etc. Eastern Book Company
Date of publication, distribution, etc. 2020
300 ## - PHYSICAL DESCRIPTION
Extent cxlvii, 794p.
365 ## - TRADE PRICE
Price type code INR
Price amount 795
650 ## - SUBJECT ADDED ENTRY--TOPICAL TERM
Topical term or geographic name entry element Law
650 ## - SUBJECT ADDED ENTRY--TOPICAL TERM
Topical term or geographic name entry element Company Law
650 ## - SUBJECT ADDED ENTRY--TOPICAL TERM
Topical term or geographic name entry element Companies Act, 2013
9 (RLIN) 809071
650 ## - SUBJECT ADDED ENTRY--TOPICAL TERM
Topical term or geographic name entry element Insolvency and Bankruptcy Law
650 ## - SUBJECT ADDED ENTRY--TOPICAL TERM
Topical term or geographic name entry element Securities (Shares)
9 (RLIN) 810834
650 ## - SUBJECT ADDED ENTRY--TOPICAL TERM
Topical term or geographic name entry element Winding Up
942 ## - ADDED ENTRY ELEMENTS (KOHA)
Koha item type Textbook
Classification part Z,181 R20
Source of classification or shelving scheme Colon Classification (CC)
Suppress in OPAC No
Holdings
Withdrawn status Lost status Damaged status Not for loan Home library Current library Date acquired Total Checkouts Full call number Barcode Date last seen Price effective from Koha item type Source of classification or shelving scheme Collection Shelving location Source of acquisition Cost, normal purchase price Inventory number
        Law Centre-II Library Law Centre-II Library 2025-04-09   Z,181/ R20;7 LT0027590 2025-04-09 2025-04-09 Textbook            
        Law Centre-II Library Law Centre-II Library 2025-05-27   Z,181 R20 LT0027583 2025-05-27 2025-05-27 Textbook Colon Classification (CC) Non-fiction General Stacks Singhal Publication 795.00 2302/08.03.2021
        Law Centre-II Library Law Centre-II Library 2025-05-27   Z,181 R20 LT0027584 2025-05-27 2025-05-27 Textbook Colon Classification (CC) Non-fiction General Stacks Singhal Publication 795.00 2302/08.03.2021
        Law Centre-II Library Law Centre-II Library 2025-05-27   Z,181 R20 LT0027586 2025-05-27 2025-05-27 Textbook Colon Classification (CC) Non-fiction General Stacks Singhal Publication 795.00 2302/08.03.2021
        Law Centre-II Library Law Centre-II Library 2025-05-27   Z,181 R20 LT0027587 2025-05-27 2025-05-27 Textbook Colon Classification (CC) Non-fiction General Stacks Singhal Publication 795.00 2302/08.03.2021
        Law Centre-II Library Law Centre-II Library 2025-05-27   Z,181 R20 LT0027588 2025-05-27 2025-05-27 Textbook Colon Classification (CC) Non-fiction General Stacks Singhal Publication 795.00 2302/08.03.2021
        Law Centre-II Library Law Centre-II Library 2025-05-27   Z,181 R20 LT0027589 2025-05-27 2025-05-27 Textbook Colon Classification (CC) Non-fiction General Stacks Singhal Publication 795.00 2302/08.03.2021
        Law Centre-II Library Law Centre-II Library 2025-05-27   Z,181 R20 LT0027591 2025-05-27 2025-05-27 Textbook Colon Classification (CC) Non-fiction General Stacks Singhal Publication 795.00 2302/08.03.2021
        Law Centre-II Library Law Centre-II Library 2025-05-27   Z,181 R20 LT0027592 2025-05-27 2025-05-27 Textbook Colon Classification (CC) Non-fiction General Stacks Singhal Publication 795.00 2302/08.03.2021
Copyright @ Delhi University Library System